North American Ethnic Team Names - Statistics

General Stats
  • This quiz has been taken 167 times
  • The average score is 6 of 12
Answer Stats
Sport Reference Team % Correct
NFL Native Americans Redskins
90%
MLB Native Americans Indians
79%
NHL Named for Black Hawk, a famous Native American chief Blackhawks
64%
NBA Celts---an ethnic group including Irish, Scottish, and Welsh Celtics
60%
NHL Canadiens
56%
NFL Native Americans Chiefs
53%
MLB Native Americans Braves
51%
NHL Slang for Canadians Canucks
50%
NFL Ancient Scandinavian pirates Vikings
49%
NFL Texans
34%
MLB Inhabitants of one of the northern states in the US Yankees
33%
NBA Knickerbockers---Dutch settlers in New York Knicks
28%
No matching quizzes found
Score Distribution
Percent of People with Each Score
Percentile by Number Answered
Your Score History
You have not taken this quiz